| 000 | 01337nam a2200205 a 4500 | ||
|---|---|---|---|
| 008 | 180918s2003 ag |||||||||| 00| 0|spa d | ||
| 020 | _a9871106335 | ||
| 041 | _aspa | ||
| 092 |
_c808.88 _l13 _sCOR |
||
| 100 | 1 |
_aCortázar, Julio _93297 |
|
| 245 |
_aBestiario / _cJulio Cortazar |
||
| 250 | _a1a ed. | ||
| 260 |
_aBuenos Aires: _bPunto de lectura; _c2003. |
||
| 300 | _a165 p. | ||
| 500 | _aCortázar, J. (2003). Bestiario. (1a ed.). Buenos Aires : Suma de Letras Argentinas. | ||
| 505 | _aBestiario en el primer libro de relatos que Julio Cortázar publica con su auténtico nombre. Pero no hay en estas ocho obras maestras ni el menor balbuceo ni resacas juveniles: son perfectas. Estos cuentos, que hablan de objetos y hechos cotidianos, pasan a la dimensión de la pesadilla o de la revelación de un modo natural e imperceptible. Sorpresa o incomodidad son, en cada texto, un condimento que se agrega al placer indescriptible de su lectura. Sus relatos nos desazonan porque poseen una característica muy rara en la literatura: se nos quedan mirando, como si esperaran algo de nosotros. Después de leer estos verdaderos clásicos del género, nuestra opinión sobre el mundo no puede ser siendo la misma. | ||
| 590 | _aDonacion septiembre 2017, Constanzo Juan Carlos. | ||
| 655 |
_acuentos cortos _93278 |
||
| 942 |
_2ddc _cLIT |
||
| 999 |
_c2445 _d2445 |
||